| 000 | 00475nam a22001697a 4500 | ||
|---|---|---|---|
| 999 |
_c12243 _d12243 |
||
| 008 | 210125b ||||| |||| 00| 0 eng d | ||
| 082 | 0 | 0 |
_a624 _bJ257 |
| 100 |
_94427 _aJakkula,A. A. |
||
| 245 | 1 | 0 |
_aFundamentals of Structural Analysis _cBy A. A. Jakkula |
| 250 | _aEast-West Student ed. | ||
| 260 |
_aNew Delhi _bVan Nostrand _c1966 |
||
| 300 | _aviii,288 p. | ||
| 365 | _d6.50 | ||
| 650 | 0 | _aStructural Analysis | |
| 700 |
_94428 _aStephenson, Henson K |
||
| 942 | _cBK | ||